LEADER 00886nam0-2200289 --450 001 9910252960103321 005 20180205101907.0 010 $a978-88-548-8365-9 020 $aIT$b2016-6465 100 $a20180205d2015----kmuy0itay5050 ba 101 0 $aita 102 $aIT 105 $a 001yy 200 1 $aTra atlantismo e scelta araba$eDemocrazia Cristiana e Medio Oriente nell'età del centrismo$fRosaria Leonardi 210 $aAriccia$cAracne$d2015 215 $a422 p.$d23 cm 225 1 $aMappamondi$v16 610 0 $aDemocrazia cristiana$aPolitica estera$a1948-1962 676 $a324.2450822$v23$zita 700 1$aLeonardi,$bRosaria$0749438 801 0$aIT$bUNINA$gREICAT$2UNIMARC 901 $aBK 912 $a9910252960103321 952 $aCOLLEZ. 2443 (16)$b1954/2017$fFSPBC 959 $aFSPBC 996 $aTra atlantismo e scelta araba$91508834 997 $aUNINA LEADER 01348nam 2200349 450 001 9910220112803321 005 20230807211414.0 010 $a0-8330-9375-4 035 $a(CKB)3710000000595151 035 $a(WaSeSS)IndRDA00124963 035 $a(EXLCZ)993710000000595151 100 $a20200626d2015 uy 0 101 0 $aeng 135 $aur||||||||||| 181 $ctxt$2rdacontent 182 $cc$2rdamedia 183 $acr$2rdacarrier 200 14$aThe Mental Health Association of San Francisco partner organizations meet their goals in stigma reduction efforts $eresults of a qualitative evaluation of the technical assistance process /$fJennifer L. Cerully [and three others] 210 1$aSanta Monica, California :$cRAND Corporation,$d2015. 215 $a1 online resource (8 pages) 606 $aMental illness$xPublic opinion$zCalifornia 606 $aDiscrimination against the mentally ill$zCalifornia 615 0$aMental illness$xPublic opinion 615 0$aDiscrimination against the mentally ill 676 $a305.9084 700 $aCerully$b Jennifer L.$01163777 801 0$bWaSeSS 801 1$bWaSeSS 906 $aBOOK 912 $a9910220112803321 996 $aThe Mental Health Association of San Francisco partner organizations meet their goals in stigma reduction efforts$92969190 997 $aUNINA